00732nam a2200241 a 4500001001300000003000900013005001700022008004100039020001000080082001700090100002500107245006500132260003800197300000800235500003500243505002100278650002900299700002500328902000800353942000700361952010700368999001500475nice12345678IN_TiNIC20260116012019.0050524s1977 laha grp 000 0 eng  ac4.500a181.07bAHM1 aAhmed, Muhammad Aziz aIqbal and the Recent Exposition of Islamic Political Thought aLahorebSh. Muhammad Ashrafc1977 a64p aincludes index and biblioraphy2 abibl, Ref. Index aPhilosophy-Islamic-Iqbal1 aAhmed, Muhammad Aziz bSRS cBK 00104070aHMIbHMId2007-03-16g4.50l1o181.07 AHM1p09282r2019-09-05s2019-08-29w2026-01-16yEB c5290d5290